LIBRARY & INFORMATION CENTRE, KCAET, TAVANUR

ONLINE PUBLIC ACCESS CATALOGUE (OPAC)

Elementary Statisties : with application in medicine and the Biological science / (Record no. 3331)

MARC details
000 -LEADER
fixed length control field 00531cam a2200181ua 4500
041 ## - LANGUAGE CODE
Language code of text/sound track or separate title eng
082 ## - DEWEY DECIMAL CLASSIFICATION NUMBER
Classification number 519.5163
Item number CRO/EL
100 ## - MAIN ENTRY--AUTHOR NAME
Personal name Croxton, Frederick E .
245 ## - TITLE STATEMENT
Title Elementary Statisties : with application in medicine and the Biological science /
250 ## - EDITION STATEMENT
Edition statement 1 /
260 ## - PUBLICATION, DISTRIBUTION, ETC. (IMPRINT)
Place of publication New York :
Name of publisher Dover Publication Inc 180 Varick Street New york 14.
300 ## - PHYSICAL DESCRIPTION
Number of Pages 1953 ; .
942 ## - ADDED ENTRY ELEMENTS (KOHA)
Koha item type Books
Holdings
Withdrawn status Lost status Damaged status Home library Current library Date acquired Full call number Accession Number Koha item type
      KAUAET KAUAET 07/04/2012 519.5163 CRO/EL 4851 Books
free website counter